[Event "Muensterland Verbandsliga 1112"]
[Site "Germany"]
[Date "2012.02.25"]
[Round "7.7"]
[White "Baumann, Stephan"]
[Black "Lipkin, Ilia"]
[Result "0-1"]
[WhiteElo "1790"]
[BlackElo "1896"]
[PlyCount "124"]
[EventDate "2011.09.24"]
[EventType "team-tourn"]
[EventRounds "9"]
[EventCountry "GER"]
[SourceTitle "EXT 2013"]
[Source "ChessBase"]
[SourceDate "2012.11.22"]
[SourceVersion "1"]
[SourceVersionDate "2012.11.22"]
[SourceQuality "1"]
[WhiteTeam "Muenster III"]
[BlackTeam "Nienberge"]
[WhiteTeamCountry "GER"]
[BlackTeamCountry "GER"]

1. e4 d6 2. d4 Nf6 3. Nc3 g6 4. Nf3 Bg7 5. Bc4 0-0 6. 0-0 c6 7. Re1 Bg4 8. Bg5 b5 9. Bb3 b4 10. Na4 Nbd7 11. h3 Bxf3 12. Qxf3 e5 13. Rad1 Qc7 14. c3 a5 15. Qd3 Rad8 16. Qd2 bxc3 17. Nxc3 Rfe8 18. Qc2 Rc8 19. Rc1 exd4 20. Nb5 Qb8 21. Nxd4 Nc5 22. f3 Nfd7 23. Be3 Qb4 24. Qc4 Qxc4 25. Bxc4 d5 26. exd5 Rxe3 27. Nxc6 Rxe1+ 28. Rxe1 Kf8 29. b3 Nb7 30. Na7 Re8 31. Rd1 f5 32. Nb5 Be5 33. Kf1 Bg3 34. Nd4 Ndc5 35. Ne2 Bc7 36. Nd4 Nd6 37. Bb5 Re5 38. Bc6 Bd8 39. g3 Re3 40. Kf2 Re5 41. Ne2 Bb6 42. Kf1 Re3 43. Ng1 Nd3 44. h4 Ke7 45. Rb1 Bc5 46. Rd1 Kf6 47. Rb1 Ke5 48. Rd1 h6 49. Ba8 Nb5 50. f4+ Kd6 51. Ne2 Nc7 52. Bb7 Nxd5 53. Ba6 N5b4 54. Bc4 Kc7 55. a3 Rf3+ 56. Kg2 Rf2+ 57. Kh1 Rxe2 58. axb4 Nf2+ 59. Kg2 Rb2 60. Rf1 Ng4+ 61. Kf3 axb4 62. Bf7 Nh2# 0-1

[Event "Muensterland Verbandsliga 1112"]
[Site "Germany"]
[Date "2011.10.15"]
[Round "2.6"]
[White "Lipkin, Ilia"]
[Black "Wuestnienhaus, Andreas"]
[Result "1/2-1/2"]
[WhiteElo "1896"]
[BlackElo "1891"]
[PlyCount "34"]
[EventDate "2011.09.24"]
[EventType "team-tourn"]
[EventRounds "9"]
[EventCountry "GER"]
[SourceTitle "EXT 2013"]
[Source "ChessBase"]
[SourceDate "2012.11.22"]
[SourceVersion "1"]
[SourceVersionDate "2012.11.22"]
[SourceQuality "1"]
[WhiteTeam "Nienberge"]
[BlackTeam "Bocholt"]
[WhiteTeamCountry "GER"]
[BlackTeamCountry "GER"]

1. Nf3 d5 2. g3 c6 3. Bg2 Bf5 4. d3 e6 5. 0-0 Nf6 6. Nbd2 Be7 7. b3 0-0 8. Bb2 Nbd7 9. c4 a5 10. h3 Nc5 11. Nh4 Bg6 12. Nxg6 hxg6 13. Nf3 Qb6 14. Qd2 Rfd8 15. Rab1 Ncd7 16. Rfc1 Bc5 17. e3 Bb4 1/2-1/2

[Event "Muensterland Verbandsklasse-B 0708"]
[Site "Germany"]
[Date "2007.11.17"]
[Round "3.3"]
[White "Lipkin, Ilia"]
[Black "Bienhuels, Michael"]
[Result "1-0"]
[WhiteElo "1902"]
[BlackElo "1759"]
[PlyCount "41"]
[EventDate "2007.09.15"]
[EventType "team"]
[EventRounds "9"]
[EventCountry "GER"]
[SourceTitle "EXT 2009"]
[Source "ChessBase"]
[SourceDate "2008.11.26"]
[SourceVersion "1"]
[SourceVersionDate "2008.11.26"]
[SourceQuality "1"]
[WhiteTeam "Nienberge"]
[BlackTeam "Duelmen"]
[WhiteTeamCountry "GER"]
[BlackTeamCountry "GER"]

1. e4 c5 2. Nf3 Nc6 3. d4 cxd4 4. c3 dxc3 5. Nxc3 d6 6. Bc4 h6 7. 0-0 Bg4 8. Qb3 e6 9. Qxb7 Qc8 10. Ba6 Nge7 11. Qxc8+ Rxc8 12. Bxc8 Nxc8 13. Be3 Bxf3 14. gxf3 Be7 15. Rac1 Kd7 16. Rfd1 Ne5 17. Nb5 Nxf3+ 18. Kg2 Nh4+ 19. Kg3 Bd8 20. Rxc8 Kxc8 21. Nxd6+ 1-0

[Event "Muensterland Verbandsklasse-B 0708"]
[Site "Germany"]
[Date "2007.09.15"]
[Round "1.3"]
[White "Lipkin, Ilia"]
[Black "Beckmann, David"]
[Result "1/2-1/2"]
[WhiteElo "1902"]
[BlackElo "1853"]
[PlyCount "36"]
[EventDate "2007.09.15"]
[EventType "team"]
[EventRounds "9"]
[EventCountry "GER"]
[SourceTitle "EXT 2009"]
[Source "ChessBase"]
[SourceDate "2008.11.26"]
[SourceVersion "1"]
[SourceVersionDate "2008.11.26"]
[SourceQuality "1"]
[WhiteTeam "Nienberge"]
[BlackTeam "Borken"]
[WhiteTeamCountry "GER"]
[BlackTeamCountry "GER"]

1. Nf3 d5 2. g3 Nf6 3. Bg2 e6 4. 0-0 Bd6 5. d3 0-0 6. Nbd2 Nbd7 7. e4 c6 8. Qe2 Qc7 9. Re1 e5 10. c3 dxe4 11. dxe4 Nb6 12. Nf1 h6 13. Nh4 Be6 14. Ne3 a5 15. Nhf5 Bc5 16. Ng4 Nbd7 17. Nxf6+ Nxf6 18. Be3 Bxe3 1/2-1/2

[Event "Muensterland Verbandsklasse-A 0506"]
[Site "Germany"]
[Date "2006.04.08"]
[Round "8.4"]
[White "Frie, Michael"]
[Black "Lipkin, Ilia"]
[Result "1-0"]
[WhiteElo "1875"]
[BlackElo "1898"]
[PlyCount "35"]
[EventDate "2005.09.03"]
[EventType "team"]
[EventRounds "9"]
[EventCountry "GER"]
[SourceTitle "EXT 2006"]
[Source "ChessBase"]
[SourceDate "2005.11.24"]
[SourceVersion "1"]
[SourceVersionDate "2005.11.24"]
[SourceQuality "1"]
[WhiteTeam "Muenster Indische Dame"]
[BlackTeam "Nienberge"]
[WhiteTeamCountry "GER"]
[BlackTeamCountry "GER"]

1. e4 e6 2. d4 c5 3. Nf3 cxd4 4. Nxd4 Qb6 5. Nb3 Nc6 6. g3 Nf6 7. Bg2 Be7 8. 0-0 0-0 9. c4 Ne5 10. Qe2 a5 11. Bf4 Qc7 12. Nc3 a4 13. Nd4 Bb4 14. Rac1 Qc5 15. Ncb5 Ne8 16. a3 Ba5 17. b4 axb3 18. Nxb3 1-0

[Event "Muensterland Verbandsklasse-A 0506"]
[Site "Germany"]
[Date "2005.09.03"]
[Round "1.3"]
[White "Lipkin, Ilia"]
[Black "Rebber, Christian"]
[Result "0-1"]
[WhiteElo "1898"]
[BlackElo "2108"]
[PlyCount "54"]
[EventDate "2005.09.03"]
[EventType "team"]
[EventRounds "9"]
[EventCountry "GER"]
[SourceTitle "EXT 2006"]
[Source "ChessBase"]
[SourceDate "2005.11.24"]
[SourceVersion "1"]
[SourceVersionDate "2005.11.24"]
[SourceQuality "1"]
[WhiteTeam "Nienberge"]
[BlackTeam "Ahaus Wessum"]
[WhiteTeamCountry "GER"]
[BlackTeamCountry "GER"]

1. e4 c5 2. Nf3 Nc6 3. d3 d6 4. Nbd2 g6 5. g3 Bg7 6. Bg2 Nf6 7. 0-0 0-0 8. c3 Rb8 9. Re1 e5 10. a3 b5 11. Nf1 d5 12. exd5 Nxd5 13. Qe2 Bb7 14. Ng5 Na5 15. h4 Nb3 16. Rb1 h6 17. Nf3 Re8 18. c4 Nc7 19. Qc2 bxc4 20. dxc4 Ba8 21. N1d2 Nxc1 22. Rexc1 e4 23. Ne1 e3 24. fxe3 Rxe3 25. Bxa8 Re2 26. Bf3 Rxd2 27. Rd1 Bd4+ 0-1